| 000 | 01899nam0a2200361 4500 | ||
|---|---|---|---|
| 001 | RU\NLR\bibl\1695654 | ||
| 005 | 20260405154348.0 | ||
| 010 |
_a978-5-93160-132-8 _9100 |
||
| 021 |
_aRU _b2010-74704 _94962 |
||
| 035 | _a(nilc)RSL-KNO-004739206 | ||
| 035 | _a(NLR Aleph) 001686752 | ||
| 090 |
_a1135469 _c1135469 |
||
| 100 | _a20101004d2009 |||y0rusy50 ca | ||
| 101 | 0 | _arus | |
| 102 | _aRU | ||
| 105 | _ay zzzz||||| | ||
| 200 | 1 |
_aУголовная ответственность за неправомерное завладение автомобилем или иным транспортным средством без цели хищения _eучебное пособие _fС.И. Иванова, О.В. Десятова _gМ-во внутр. дел Рос. Федерации, Тюмен. юрид. ин-т |
|
| 210 |
_aТюмень _cТюменский юридический институт МВД России _d2009 |
||
| 215 |
_a54 с. _d21 |
||
| 320 | _aБиблиогр.: с. 53-54 и в подстроч. примеч. | ||
| 606 | 1 |
_aАвтомобильный транспорт _jУчебные издания для высших учебных заведений _xНеправомерное завладение _xУголовная ответственность _yРоссийская Федерация _92222956 _3RU\NLR\auth\661334693 |
|
| 686 |
_aХ628.112.07я73-1 _2rubbk |
||
| 686 | _aХ628.111.5я73 | ||
| 700 | 1 |
_4070 _7ca _8rus _aИванова _bС. И. _cканд. юрид. наук _gСветлана Ивановна _948231 _3RU\NLR\auth\7765302 |
|
| 701 | 1 |
_aДесятова _bО. В. _gОльга Васильевна _4070 |
|
| 801 | 0 |
_aRU _bРГБ _c20101004 _grcr |
|
| 801 | 1 |
_aRU _bРГБ _c20101004 |
|
| 801 | 2 |
_aRU _bNLR _c20101109 _grcr |
|
| 830 | _aавт. раскрыты в кн. | ||
| 942 | _cBOOK | ||
| 980 | _aNB | ||
| 980 | _aNBR | ||